Bric-a-brac (Record no. 79463)

MARC details
000 -LEADER
fixed length control field 00492cab a22001815a 4500
001 - CONTROL NUMBER
control field L141345
008 - FIXED-LENGTH DATA ELEMENTS--GENERAL INFORMATION
fixed length control field 071116e18620405xxka 000 0 eng d
035 ## - SYSTEM CONTROL NUMBER
System control number (Sirsi) u141345
041 0# - LANGUAGE CODE
Language code of text/sound track or separate title eng
100 1# - MAIN ENTRY--PERSONAL NAME
Personal name Whiting, Sydney
245 00 - TITLE STATEMENT
Title Bric-a-brac
260 ## - PUBLICATION, DISTRIBUTION, ETC.
Date of publication, distribution, etc. 1862
490 ## - SERIES STATEMENT
Series statement Once a Week
Volume/sequential designation 5 April 1862, 402-407(6)
520 ## - SUMMARY, ETC.
Summary, etc. A story about auctions.
651 #4 - SUBJECT ADDED ENTRY--GEOGRAPHIC NAME
Geographic name United Kingdom
Chronological subdivision
690 ## - LOCAL SUBJECT ADDED ENTRY--TOPICAL TERM (OCLC, RLIN)
Topical term or geographic name as entry element PROPERTY ACQUISITION AND DISPOSAL-ACQUISITION AND DISPOSAL AT AUCTION
942 ## - ADDED ENTRY ELEMENTS (KOHA)
Suppress in OPAC 0
Holdings
Withdrawn status Lost status Source of classification or shelving scheme Damaged status Not for loan Home library Current library Shelving location Date acquired Total Checkouts Full call number Barcode Date last seen Copy number Price effective from Koha item type
    Dewey Decimal Classification     London London Basement 16/11/2007   BASEMENT BOX 4 141345-1001 06/08/2019 1 06/08/2019 Archive